| 000 | 00515nam a2200181Ia 4500 | ||
|---|---|---|---|
| 003 | IN-BaIIA | ||
| 008 | 211028s9999 xx 000 0 eng d | ||
| 040 | _cIIA Library | ||
| 080 |
_a535.4 _bGUI |
||
| 100 |
_aGuild, J _93175 |
||
| 245 | 4 |
_aThe interference systems of crossed diffraction gratings _cJohn Guild |
|
| 260 |
_aOxford _bThe Clarendon Press _c1956 |
||
| 300 | _avi, 152p. | ||
| 650 |
_aDiffraction gratings _93176 |
||
| 650 |
_aLight - visible radiation _92024 |
||
| 650 | _aNASA thesaurus | ||
| 942 | _cBK | ||
| 999 |
_c1580 _d1580 |
||